000 00407nam a2200145Ia 4500
008 211109s9999||||xx |||||||||||||| ||und||
082 _a370.9
_bADA-S
100 _aAdamsone, John William
245 0 _aShort History Of Education
260 _bCambridge University
_aNew York
_c1922
300 _a329p.
630 _xGeneral Stack
650 _aENGLISH LITERATURE
_vHISTORYEDUCATION
_xEducation
942 _cBOOK
999 _c3878
_d3878